000 00309nam a22001337a 4500
008 181019b xxu||||| |||| 00| 0 eng d
020 _a0397505221
041 _aeng
080 _a616-053.2
100 _a8
101 _aPED
245 _aManagement of HIP Disorder in Children
_cKatz, J.F
942 _2udc
_cBK
999 _c50304
_d50304